Environmental science education (Record no. 11312)

MARC details
000 -LEADER
fixed length control field 00515nam a22001937a 4500
005 - DATE AND TIME OF LATEST TRANSACTION
control field 20220530123507.0
008 - FIXED-LENGTH DATA ELEMENTS--GENERAL INFORMATION
fixed length control field 220530b ||||| |||| 00| 0 eng d
020 ## - INTERNATIONAL STANDARD BOOK NUMBER
International Standard Book Number 8120728904
040 ## - CATALOGING SOURCE
Original cataloging agency IN-DiNC
Transcribing agency IN-DiNC
041 ## - LANGUAGE CODE
Language code of sung or spoken text English
082 ## - DEWEY DECIMAL CLASSIFICATION NUMBER
Classification number 333.7
100 ## - MAIN ENTRY--PERSONAL NAME
Personal name Pannerselvam A
Relator term Author
245 ## - TITLE STATEMENT
Title Environmental science education
Statement of responsibility, etc. by A. Panneerselvam
250 ## - EDITION STATEMENT
Edition statement 2nd rev.
260 ## - PUBLICATION, DISTRIBUTION, ETC.
Place of publication, distribution, etc. New Delhi
Name of publisher, distributor, etc. Sterling publishers
Date of publication, distribution, etc. 2005
300 ## - PHYSICAL DESCRIPTION
Extent 127p.
700 ## - ADDED ENTRY--PERSONAL NAME
Personal name Mohana Ramakrishnan
Relator term Author
942 ## - ADDED ENTRY ELEMENTS (KOHA)
Source of classification or shelving scheme Dewey Decimal Classification
Koha item type Books
Holdings
Withdrawn status Lost status Source of classification or shelving scheme Damaged status Not for loan Collection code Home library Current library Shelving location Date acquired Cost, normal purchase price Total Checkouts Full call number Barcode Date last seen Date last checked out Copy number Price effective from Koha item type
    Dewey Decimal Classification     General Collection Central Library, Naharkatiya College Central Library, Naharkatiya College General Stacks 30/05/2022 60.00 2 333.7 21225 05/08/2023 02/03/2023 1 30/05/2022 Books
    Dewey Decimal Classification     General Collection Central Library, Naharkatiya College Central Library, Naharkatiya College General Stacks 30/05/2022 60.00 1 333.7 21226 16/10/2023 09/05/2023 2 30/05/2022 Books

Naharkatiya College © 2020. All rights reserved.

Powered By